Stati per numero di utenti Internet - Statistics

Statistiche generali
  • Questo quiz è stato fatto 22 volte
  • Il punteggio medio è 9 su 10
Statistiche sulle risposte
Utenti internet Continente Nazione % Corretto
1 102 140 000 Asia Cina
100%
311 300 000 America del Nord Stati Uniti
100%
165 300 000 America del Sud Brasile
95%
881 250 000 Asia India
95%
215 626 156 Asia Indonesia
95%
129 800 000 Asia / Europa Russia
95%
117 400 000 Asia Giappone
90%
136 203 231 Africa Nigeria
85%
170 000 000 Asia Pakistan
85%
126 210 000 Asia Bangladesh
60%
Nessun quiz corrispondente trovato
Distribuzione punteggi
Percentuale di utenti per punteggio
Percentile per numero di risposta
I tuoi punteggi nel tempo
Non hai fatto questo quiz